000 00295nam a2200121 a 4500
008 101022s1966|||| d
245 1 0 _aModerný snár
100 1 _aKonwicki, Tadeusz
041 _aslo
260 _bSlovenský spisovateľ
_aBratislava
_c1966
020 _c19,50
044 _axo
_cSK
999 _c12050
_d12050